| 000 | 00683nam a2200217 u 4500 | ||
|---|---|---|---|
| 005 | 20240831063738.0 | ||
| 008 | 110923s2006 es r 000 0 spa d | ||
| 020 | _a8420551902 (10 dígitos) | ||
| 020 | _a9788420551906 (13 dígitos) | ||
| 035 | _aUPN01000181907 | ||
| 049 | _aI | ||
| 050 | 4 |
_aPQ6657 O5.4 _bP3.6 |
|
| 100 | 1 |
_aGómez Ojea, Carmen, _d1945- _930273 |
|
| 245 | 1 | 0 |
_aPantaleón, en todo como un león / _cCarmen Gómez Ojea ; il. Irene Fra. |
| 260 |
_aMadrid : _bPearson Educación, _c2006. |
||
| 300 |
_a85 p. : _bil. |
||
| 440 | 0 |
_aPearson alhambra ; _v46. _p+ 8 años |
|
| 650 | 4 |
_aCuentos infantiles españoles _97725 |
|
| 905 | _aInfantil | ||
| 999 |
_c154010 _d154010 |
||